00456nam a22001577a 450000500170000001000130001702000220003003500130005203700340006508200130009910000160011224500550012826000430018327000520022630000200027820180622150408.0 aB-128352 a8186361715c70.00 aB-128352 adplbVora Medical Publication a641bRAO aRao, Rachel aManual of nutrition and detection/cby Rachel Rao aMumbaibVora Medical Publicationc2004 a6, Princess building, E.R. RoadbMumbaie400003 a148p.c21cm(Pb)